Which City in Kentucky? - Statistics

General Stats
  • This quiz has been taken 223 times
  • The average score is 9 of 18
Answer Stats
Description Letter City % Correct
Capital of Kentucky F Frankfort
98%
Most populous city in Kentucky L Louisville
98%
"Horse capital of the world" L Lexington
93%
Army fort that stores a lot of gold F Fort Knox
73%
All the Chevrolet Corvette cars has been manufactured in here since 1981 B Bowling Green
72%
This city, named after an Italian city, is the largest one that is not a county seat F Florence
68%
Houses the first completely U.S. owned Toyota vehicle plant.Named in honor of Washington G Georgetown
67%
Hometown of Johnny Depp O Owensboro
55%
Connected to Cincinnati via the Clay Wade Bailey, John A. Roebling and Brent Spence bridges C Covington
51%
Was home to an uranium enrichment facility between 1952–2013 P Paducah
45%
It's not the seat of France's Bourbon dynasty, but it is the seat of the Bourbon county P Paris
42%
Namesake of a rom-com starring Orlando Bloom and Kirsten Dunst E Elizabethtown
41%
Where The Judds originated A Ashland
24%
The first major battle in the Kentucky Campaign, during the Civil War, took place around this city R Richmond
24%
Abraham Lincoln was born in a small cabin on Sinking Spring Farm near this city H Hodgenville
18%
Where every Post-it Note originates C Cynthiana
11%
Nearest city to the Mammoth Cave B Brownsville
7%
Where Colonel Sanders opened his first KFC N North Corbin
4%
No matching quizzes found
Score Distribution
Percent of People with Each Score
Percentile by Number Answered
Your Score History
You have not taken this quiz